00350pab a2200133 454500008004000000100001900040245005900059260000900118300001400127362001200141650002100153700002400174773001800198180718b2007 xxu||||| |||| 00| 0 eng d aPrasad, Chunnu aIssue of reservation and quota: a critical perspective c2007 ap.285-93. aJul-Sep aBackward classes aSudhakara, Karakoti aSocial Action